1 Minute Maths Quiz #2 - Statistics

General Stats
  • This quiz has been taken 384 times
    378 since last reset
  • The average score is 11 of 12
Answer Stats
Question Answer % Correct
5 + 93 98
100%
13 -12 1
98%
900 - 80 820
98%
8 x 8 64
97%
77 x 2 154
91%
50 + 49 99
91%
1010 + 2030 3040
87%
50 x 11 550
86%
46 x 3 138
84%
17 + 303 320
82%
82 - 28 54
80%
98 + 666 764
70%
No matching quizzes found
Score Distribution
Percent of People with Each Score
Percentile by Number Answered
Your Score History
You have not taken this quiz since the last reset